00580 2200205 4500001002100000005001700021008004100038020001800079035002400097082001100121090002400132100001600156245007300172250001100245260003100256300002800287500002600315700002100341999001200362YOGYA-0311000000057220110330072146.0 ind  a979-672-935-0 0010-031100000000572 a664.92 a664.92bSitcTlDEP aSITI Rahayu aTeknologi pengolahan daging ikan cucut/Siti Rahayu, Titiek F. Djafar aCet.1. aYogyakartabKanisiusc2001 a28 hlm.bilusc22x17 cm aBibliografi : hlm. 28 aJafar, Titiek F. a2001-43